Sindicatos y conflictos laborales (Registro nro. 24940)
[ vista simple ]
| 000 -LEADER | |
|---|---|
| fixed length control field | 00312 a2200109 4500 |
| 001 - CONTROL NUMBER | |
| control field | ART_47175 |
| 005 - DATE AND TIME OF LATEST TRANSACTION | |
| control field | 20260410161850.0 |
| 008 - FIXED-LENGTH DATA ELEMENTS--GENERAL INFORMATION | |
| fixed length control field | 260409a |
| 100 1# - MAIN ENTRY--PERSONAL NAME | |
| Personal name | Montuschi, Luisa |
| 245 10 - TITLE STATEMENT | |
| Title | Sindicatos y conflictos laborales |
| 773 0# - HOST ITEM ENTRY | |
| Title | Económica |
| Related parts | - Año XLII, Nº 1/2 (ene. 1996) |
| Record control number | REV7541 |
No hay ítems disponibles.